书目信息 |
| 题名: |
应用概率统计
|
|
| 作者: | 陈魁 编著 | |
| 分册: | ||
| 出版信息: | 北京 清华大学出版社 2000.03 |
|
| 页数: | 392页 | |
| 开本: | 23cm | |
| 丛书名: | ||
| 单 册: | ||
| 中图分类: | O213 | |
| 科图分类: | ||
| 主题词: | 概率论 , 数理统计 | |
| 电子资源: | ||
| ISBN: | 7-302-01018-8 | |
| 000 | 00557nam0 2200205 45 | |
| 001 | 0239144286 | |
| 005 | 2002061010522342 | |
| 010 | @a7-302-01018-8@dRMB 25.00 | |
| 100 | @a20020610d2000 km y0chiy0120 ea | |
| 101 | 0 | @achi |
| 102 | @aCN@b110000 | |
| 200 | 1 | @a应用概率统计@AYing Yong Gai Lu Tong Ji@f陈魁编著@Fchen kui bian zhu |
| 210 | @a北京@c清华大学出版社@d2000.03 | |
| 215 | @a392页@d23cm | |
| 606 | 0 | @a概率论 |
| 606 | 0 | @a数理统计 |
| 690 | @aO213@v3 | |
| 701 | 0 | @a陈魁@Achen kui@4编著 |
| 801 | 0 | @aCN@bPFT@c20020610 |
| 905 | @a安徽大学@dO213@eC483 | |
| 应用概率统计/陈魁编著.-北京:清华大学出版社,2000.03 |
| 392页;23cm |
| ISBN 7-302-01018-8:RMB 25.00 |
| ● |
| 相关链接 |
|
|
|
正题名:应用概率统计
索取号:O213/C483
 
预约/预借
| 序号 | 登录号 | 条形码 | 馆藏地/架位号 | 状态 | 备注 |
| 1 | 360048 | 203600488 | 自科库401/ [索取号:O213/C483] | 在馆 | |
| 2 | 360049 | 203600497 | 自科库401/401自科库 78排1列3层/ [索取号:O213/C483] | 在馆 |